000
00288nam a2200109Ia 4500
008
220216s9999 xx 000 0 und d
100
_a
Culver E G
245
0
_a
Polyurethane elastomers: durable and versatile polymers
260
_b
Materials world
_c
1993
300
_a
225-228
942
_c
JS
999
_c
65304
_d
65304